[Event "Aurora Fall op U2000"]
[Site "Newmarket CAN"]
[Date "2018.10.20"]
[Round "2.15"]
[White "Gao, William"]
[Black "Hughes-Dupuy, Henry"]
[Result "1-0"]
[WhiteElo "1369"]
[BlackElo "1472"]
[PlyCount "57"]
[EventDate "2018.10.20"]
[EventType "swiss"]
[EventRounds "5"]
[EventCountry "CAN"]

1. e4 c5 2. Nf3 g6 3. d4 Bg7 4. Be3 b6 5. c3 d6 6. Bc4 Bb7 7. dxc5 bxc5 8.
Bxf7+ Kxf7 9. Qb3+ Ke8 10. Qxb7 Nd7 11. Ng5 Qb8 12. Qd5 Ne5 13. Ne6 Nf6 14.
Qxa8 Qxa8 15. Nc7+ Kd7 16. Nxa8 Rxa8 17. Nd2 Nfg4 18. O-O Rb8 19. Rab1 Nd3 20.
Nb3 Nxe3 21. fxe3 Bh6 22. Rf3 Ke6 23. Kf1 Ne5 24. Rh3 Rf8+ 25. Ke2 Ng4 26. Rf1
Rxf1 27. Kxf1 Nxe3+ 28. Ke2 Ng4 29. Rh4 1-0

[Event "Aurora Fall op U2000"]
[Site "Newmarket CAN"]
[Date "2018.10.20"]
[Round "3"]
[White "Armstrong, Robert J"]
[Black "Sharma, Vishruth"]
[Result "1-0"]
[WhiteElo "1519"]
[BlackElo "1655"]
[PlyCount "79"]
[EventDate "2018.10.20"]
[EventType "swiss"]
[EventRounds "5"]
[EventCountry "CAN"]

1. d4 Nf6 2. c4 g6 3. Nc3 Bg7 4. e4 d6 5. f3 O-O 6. Be3 Nbd7 7. Nge2 e5 8. d5
a5 9. g4 Nc5 10. Ng3 Ne8 11. h4 Bd7 12. Qd2 Qc8 13. h5 f5 14. Bh6 fxg4 15. hxg6
hxg6 16. Bxg7 Nxg7 17. Qh6 Rxf3 18. Qxg6 Rxg3 19. Rh7 Qf8 20. Qh6 Kf7 21. Qh5+
Ke7 22. Qg5+ Ke8 23. Rxg7 Be6 24. dxe6 Nxe6 25. Qg6+ Kd8 26. Rg8 Ke7 27. Nd5+
Kd7 28. Qh7+ Kc6 29. Rxf8 Rxf8 30. Qe7 Rg1 31. O-O-O Rfxf1 32. Rxf1 Rxf1+ 33.
Kd2 g3 34. Ne3 Rf2+ 35. Ke1 Nd4 36. Kd1 Rxb2 37. Qe8+ Kb6 38. Qg8 Rxa2 39. c5+
Kxc5 40. Qxa2 1-0

[Event "Aurora Fall op U2000"]
[Site "Newmarket CAN"]
[Date "2018.10.20"]
[Round "3.3"]
[White "Jordan, John"]
[Black "Huang, Youhe"]
[Result "0-1"]
[WhiteElo "1567"]
[BlackElo "1691"]
[PlyCount "104"]
[EventDate "2018.10.20"]
[EventType "swiss"]
[EventRounds "5"]
[EventCountry "CAN"]

1. d4 d6 2. Nf3 g6 3. c4 Bg7 4. Nc3 Nf6 5. e4 O-O 6. h3 e5 7. d5 a5 8. Bd3 Na6
9. O-O Nc5 10. Bc2 Nfd7 11. Bg5 Qe8 12. Nd2 f5 13. f3 h6 14. Bh4 g5 15. Bf2 f4
16. a3 Na6 17. Qb1 Qg6 18. b4 h5 19. Bd1 Nf6 20. c5 g4 21. fxg4 hxg4 22. hxg4
Nxg4 23. cxd6 f3 24. Nxf3 Qh6 25. Qc1 Qh7 26. Qg5 Rxf3 27. Bh4 Rxf1+ 28. Kxf1
Nf6 29. Bf3 cxd6 30. Ke2 Bd7 31. Qg3 Nh5 32. Qg5 Nf4+ 33. Kf1 Qg6 34. Qe7 Rc8
35. Qxd7 Rxc3 36. Bg4 Qxe4 37. Be6+ Nxe6 38. Qxe6+ Kh7 39. Bf2 Qc4+ 40. Ke1
Rc1+ 41. Rxc1 Qxc1+ 42. Ke2 Qc2+ 43. Kf1 Qd1+ 44. Be1 Qd3+ 45. Kf2 Qd4+ 46. Ke2
Qe4+ 47. Kf1 Qf4+ 48. Ke2 Nc7 49. Qh3+ Kg6 50. Bd2 Qe4+ 51. Kd1 Nxd5 52. Qe6+
Nf6 0-1

[Event "Aurora Fall op U2000"]
[Site "Newmarket CAN"]
[Date "2018.10.20"]
[Round "3.5"]
[White "Uthayakumar, Ronan"]
[Black "Khachaturov, Vadim"]
[Result "0-1"]
[WhiteElo "1507"]
[BlackElo "1748"]
[PlyCount "106"]
[EventDate "2018.10.20"]
[EventType "swiss"]
[EventRounds "5"]
[EventCountry "CAN"]

1. e4 c5 2. Nf3 d6 3. d4 cxd4 4. Nxd4 Nf6 5. Nc3 a6 6. Be2 e5 7. Nb3 Be6 8. O-O
Be7 9. Qd3 O-O 10. Bd2 b5 11. a4 Bc4 12. Qe3 Bxe2 13. Nxe2 Nbd7 14. axb5 axb5
15. Bb4 Qb6 16. Qd3 Nc5 17. Nxc5 dxc5 18. Bc3 c4 19. Qg3 Nxe4 20. Qxe5 Nxc3 21.
Nxc3 Bf6 22. Qg3 Bd4 23. Qf3 Rad8 24. Rfe1 Bc5 25. Rad1 Rfe8 26. h3 h6 27.
Rxe8+ Rxe8 28. Rd7 Bxf2+ 29. Kh2 Qe6 30. Rb7 Bd4 31. Nxb5 Bxb2 32. c3 Qe5+ 33.
Kh1 f5 34. Nd4 Qe1+ 35. Kh2 Qxc3 36. Qd5+ Kh8 37. Qf7 Qxd4 38. Qxe8+ Kh7 39.
Rb8 Qe5+ 40. Kh1 Qxe8 41. Rxe8 c3 42. Rc8 f4 43. Kg1 Kg6 44. Rc5 Kf6 45. Kf2
Ke6 46. Kf3 Kd6 47. Rc8 Kd5 48. Kxf4 Kd4 49. Kf5 Kd3 50. g4 c2 51. Kg6 Bc3 52.
Rd8+ Ke4 53. Re8+ Kd5 0-1

[Event "Aurora Fall op U2000"]
[Site "Newmarket CAN"]
[Date "2018.10.20"]
[Round "3.6"]
[White "Ajith, Aayush"]
[Black "Cao, Bruce"]
[Result "1-0"]
[WhiteElo "1734"]
[BlackElo "1344"]
[PlyCount "137"]
[EventDate "2018.10.20"]
[EventType "swiss"]
[EventRounds "5"]
[EventCountry "CAN"]

1. d4 Nf6 2. c4 g6 3. Nc3 Bg7 4. Nf3 O-O 5. g3 d6 6. Bg2 c5 7. d5 e6 8. O-O
exd5 9. cxd5 Bf5 10. Nd2 Qd7 11. a4 Bh3 12. Nc4 Bxg2 13. Kxg2 Qe7 14. Qd3 Nbd7
15. Bf4 Ne8 16. e4 Ne5 17. Bxe5 dxe5 18. Rad1 Nd6 19. Nxd6 Qxd6 20. Nb5 Qd7 21.
Qc2 a6 22. Na3 f5 23. Nc4 f4 24. f3 Rae8 25. a5 fxg3 26. hxg3 Rf7 27. d6 Qe6
28. Rd5 Rf5 29. Ne3 Rh5 30. g4 Rh4 31. Qxc5 Rc8 32. Qxc8+ Qxc8 33. d7 Qd8 34.
Rc1 Kf7 35. Rc8 Ke7 36. Rxd8 Kxd8 37. Nc4 h5 38. Nd6 Bf6 39. Nxb7+ Kc7 40.
d8=Q+ Bxd8 41. Nxd8 hxg4 42. Ne6+ Kc6 43. Rxe5 Kd6 44. f4 Rh8 45. Ng5 Rb8 46.
Re6+ Kc5 47. Rxa6 Rxb2+ 48. Kg3 Ra2 49. Rxg6 Rxa5 50. Kxg4 Kd4 51. e5 Ke3 52.
e6 Ra4 53. Rf6 Ra7 54. Rf7 Ra8 55. e7 Re8 56. f5 Kd4 57. Ne6+ Ke5 58. Ng7 Kd6
59. Nxe8+ Kd7 60. Nf6+ Kd6 61. e8=Q Kc5 62. Qe5+ Kb6 63. Qc7+ Ka6 64. Qc6+ Ka5
65. Ra7+ Kb4 66. Ra4+ Kb3 67. Qc4+ Kb2 68. Ra2+ Kb1 69. Qc2# 1-0

[Event "Aurora Fall op U2000"]
[Site "Newmarket CAN"]
[Date "2018.10.20"]
[Round "3.7"]
[White "Qiao, Joey"]
[Black "Chakkoli, Shiva"]
[Result "1/2-1/2"]
[WhiteElo "1486"]
[BlackElo "1666"]
[PlyCount "70"]
[EventDate "2018.10.20"]
[EventType "swiss"]
[EventRounds "5"]
[EventCountry "CAN"]

1. e4 e5 2. Nf3 Nc6 3. Bc4 Be7 4. c3 Nf6 5. d3 O-O 6. O-O h6 7. Nbd2 d5 8. Bb3
Bg4 9. h3 Bh5 10. Re1 dxe4 11. dxe4 Bc5 12. Qe2 Qe7 13. Nf1 Rad8 14. Ng3 Bg6
15. Bc2 Rfe8 16. Be3 Nh5 17. Nxh5 Bxh5 18. Qc4 Bd6 19. Nd2 a6 20. Bd1 Bg6 21.
Qe2 Qh4 22. f3 Kh8 23. Bc2 Rd7 24. Rad1 Red8 25. Nb3 Qe7 26. Rd2 Qe6 27. Red1
f5 28. exf5 Bxf5 29. Bxf5 Qxf5 30. Qf2 b6 31. Qf1 e4 32. f4 a5 33. Nd4 Nxd4 34.
Bxd4 Bc5 35. Qf2 Bd6 1/2-1/2

[Event "Aurora Fall op U2000"]
[Site "Newmarket CAN"]
[Date "2018.10.20"]
[Round "3.8"]
[White "Yang, Brett"]
[Black "Kuehl, Scott"]
[Result "1/2-1/2"]
[WhiteElo "1459"]
[BlackElo "1588"]
[PlyCount "43"]
[EventDate "2018.10.20"]
[EventType "swiss"]
[EventRounds "5"]
[EventCountry "CAN"]

1. c4 Nf6 2. Nc3 d5 3. g3 c6 4. cxd5 Nxd5 5. d4 g6 6. Bg2 Bg7 7. Nxd5 cxd5 8.
Nf3 Nc6 9. O-O O-O 10. a3 Qb6 11. e3 Bg4 12. h3 Bxf3 13. Qxf3 e6 14. b4 a5 15.
Bd2 axb4 16. axb4 Ra6 17. Rfb1 Rfa8 18. Rxa6 bxa6 19. Qd1 Bf8 20. Qa4 Rb8 21.
Bf1 Nxb4 22. Bxb4 1/2-1/2

[Event "Aurora Fall op U2000"]
[Site "Newmarket CAN"]
[Date "2018.10.20"]
[Round "3.9"]
[White "Locham, Divjot"]
[Black "Miaco, Trifelino"]
[Result "0-1"]
[WhiteElo "1337"]
[BlackElo "1451"]
[PlyCount "100"]
[EventDate "2018.10.20"]
[EventType "swiss"]
[EventRounds "5"]
[EventCountry "CAN"]

1. e4 d6 2. d4 Nf6 3. Bd3 e5 4. dxe5 dxe5 5. Nf3 Bg4 6. O-O Nbd7 7. Nc3 c6 8.
h3 Bh5 9. Be2 Bc5 10. Bg5 O-O 11. Bxf6 Nxf6 12. Nxe5 Bd4 13. Bxh5 Bxe5 14. Bf3
Bxc3 15. bxc3 Qa5 16. Qd4 Rad8 17. Qb4 Qc7 18. Rad1 a5 19. Qa3 Qe5 20. Rxd8
Rxd8 21. Qb3 b5 22. Qa3 a4 23. Qb2 Nxe4 24. Re1 f5 25. Bxe4 fxe4 26. Qb4 Rd2
27. c4 Qd4 28. Rf1 Rxc2 29. Qe7 h6 30. cxb5 cxb5 31. Qe8+ Kh7 32. Qxb5 Qc4 33.
Qxc4 Rxc4 34. Ra1 a3 35. Kf1 Rc2 36. g3 Kg6 37. Ke1 Kf5 38. Kf1 h5 39. Ke1 g5
40. Kf1 h4 41. gxh4 gxh4 42. Ke1 Kf4 43. Kf1 Kf3 44. Kg1 Rxf2 45. Kh1 Kg3 46.
Rg1+ Kxh3 47. Rg2 Rf1+ 48. Rg1 Rxg1+ 49. Kxg1 Kg3 50. Kh1 Kf2 0-1

[Event "Aurora Fall op U2000"]
[Site "Newmarket CAN"]
[Date "2018.10.20"]
[Round "3.10"]
[White "Lim, Levi"]
[Black "Gao, William"]
[Result "1-0"]
[WhiteElo "1793"]
[BlackElo "1369"]
[PlyCount "109"]
[EventDate "2018.10.20"]
[EventType "swiss"]
[EventRounds "5"]
[EventCountry "CAN"]

1. e4 c5 2. Nf3 d6 3. c3 Nf6 4. Be2 Nc6 5. d4 cxd4 6. cxd4 Nxe4 7. d5 Qa5+ 8.
Nc3 Nxc3 9. bxc3 Ne5 10. O-O Nxf3+ 11. Bxf3 Qxc3 12. Bd2 Qc7 13. Rc1 Qd8 14.
Qb3 Rb8 15. Be3 b6 16. Qa4+ Qd7 17. Qh4 h6 18. Rfe1 Qf5 19. h3 g5 20. Qa4+ Qd7
21. Qd4 Rg8 22. Bg4 f5 23. Bh5+ Kd8 24. Bf7 Bg7 25. Qb4 Rf8 26. Be6 Qb7 27. Bd4
Bf6 28. Qa4 g4 29. hxg4 Bxe6 30. dxe6 Rg8 31. Bxf6 Rxg4 32. Qc6 Qxc6 33. Rxc6
exf6 34. Rxd6+ Ke8 35. Rd7 a5 36. f3 Rc4 37. Rh7 Rbc8 38. e7 Rc2 39. Rh8+ Kd7
40. e8=Q+ Rxe8 41. Rhxe8 Rxa2 42. Rb8 Kc7 43. Rf8 Kc6 44. Rxf6+ Kc5 45. Rxf5+
Kc4 46. Re4+ Kc3 47. Rb5 a4 48. Rxb6 a3 49. Rxh6 Ra1+ 50. Kh2 a2 51. Ra6 Kb2
52. Re2+ Kb3 53. Rexa2 Rxa2 54. Rxa2 Kxa2 55. g4 1-0

[Event "Aurora Fall op U2000"]
[Site "Newmarket CAN"]
[Date "2018.10.20"]
[Round "3.13"]
[White "Hughes-Dupuy, Henry"]
[Black "Gauthier, David"]
[Result "0-1"]
[WhiteElo "1472"]
[BlackElo "1383"]
[PlyCount "60"]
[EventDate "2018.10.20"]
[EventType "swiss"]
[EventRounds "5"]
[EventCountry "CAN"]

1. d4 Nf6 2. c4 g6 3. Nf3 Bg7 4. Nc3 O-O 5. Bg5 d6 6. Qd2 Re8 7. e3 h6 8. Bxf6
Bxf6 9. Bd3 e5 10. O-O-O Bg7 11. h4 Bg4 12. Rdg1 c6 13. Be2 e4 14. Ne1 Bxe2 15.
Nxe2 b5 16. cxb5 cxb5 17. g4 a5 18. Ng2 Nc6 19. Ngf4 Rc8 20. Kb1 a4 21. g5 h5
22. Nd5 b4 23. Nxb4 Qa5 24. a3 Rb8 25. Rc1 Nxb4 26. axb4 Rxb4 27. Rc2 Reb8 28.
Rhc1 Kh7 29. Nc3 a3 30. Qe2 axb2 0-1

[Event "Aurora Fall op U2000"]
[Site "Newmarket CAN"]
[Date "2018.10.20"]
[Round "3.14"]
[White "Wang, Eric"]
[Black "Liu, Aaron"]
[Result "1-0"]
[WhiteElo "1536"]
[BlackElo "1583"]
[PlyCount "121"]
[EventDate "2018.10.20"]
[EventType "swiss"]
[EventRounds "5"]
[EventCountry "CAN"]

1. e4 e5 2. Nf3 Nc6 3. d4 exd4 4. Nxd4 Bc5 5. Nxc6 Qf6 6. Qf3 Qxc6 7. Nc3 Ne7
8. Bd3 O-O 9. Be3 Ng6 10. Nd5 d6 11. Qg3 Be6 12. Nf4 Bxe3 13. Qxe3 Nxf4 14.
Qxf4 Qb6 15. b3 Qa5+ 16. Qd2 Qe5 17. O-O Rfe8 18. Rae1 Qc5 19. a4 c6 20. Re3 b5
21. axb5 cxb5 22. Ra1 Rec8 23. Ra5 a6 24. Re1 Qc6 25. Rea1 d5 26. f3 Rcb8 27.
Rd1 dxe4 28. fxe4 Qb6+ 29. Kh1 Rd8 30. Rda1 Bd7 31. Qc1 Bc6 32. Qa3 Bb7 33. h3
g6 34. Qb2 Qc6 35. Re1 Qb6 36. b4 f5 37. Qb3+ Kf8 38. Qc3 Kg8 39. exf5 Qf2 40.
Re2 Qf1+ 41. Kh2 Qf4+ 42. Kg1 gxf5 43. Re7 Qc1+ 44. Bf1 Qg5 45. Rxb7 Rd1 46.
Qb3+ Kh8 47. Qc3+ Kg8 48. Qb3+ Kh8 49. Ra3 Rad8 50. Qc3+ R8d4 51. Rxa6 Rxf1+
52. Kxf1 Qf4+ 53. Kg1 Qc1+ 54. Kh2 Qf4+ 55. Qg3 Qxg3+ 56. Kxg3 f4+ 57. Kf3 Rd8
58. Rh6 Kg8 59. Rhxh7 Rd3+ 60. cxd3 Kf8 61. Rb8# 1-0

[Event "Aurora Fall op U2000"]
[Site "Newmarket CAN"]
[Date "2018.10.21"]
[Round "4"]
[White "Liu, Aaron"]
[Black "Armstrong, Robert J"]
[Result "1-0"]
[WhiteElo "1583"]
[BlackElo "1519"]
[PlyCount "77"]
[EventDate "2018.10.20"]
[EventType "swiss"]
[EventRounds "5"]
[EventCountry "CAN"]

1. e4 g6 2. d4 Bg7 3. Nf3 c5 4. Be3 Qb6 5. b3 Nc6 6. c3 Nf6 7. dxc5 Qa5 8. b4
Nxb4 9. cxb4 Qxb4+ 10. Qd2 Qxd2+ 11. Nbxd2 Nxe4 12. Rc1 Nxd2 13. Kxd2 O-O 14.
Bc4 d5 15. cxd6 Rd8 16. Rhd1 exd6 17. Ke2 Be6 18. Bxe6 fxe6 19. Ng5 e5 20. Ne6
Rd7 21. Nxg7 Kxg7 22. Rd5 Kf6 23. Rcd1 Ke6 24. Bc5 Rc8 25. Rxd6+ Rxd6 26. Rxd6+
Ke7 27. Rc6+ Kd7 28. Rxc8 Kxc8 29. Bxa7 b5 30. Bc5 Kd7 31. Ke3 Kc6 32. Bb4 Kd5
33. a3 h5 34. h4 e4 35. Kf4 Kd4 36. Kg5 e3 37. fxe3+ Kxe3 38. Kxg6 Kf2 39. Kxh5
1-0

[Event "Aurora Fall op U2000"]
[Site "Newmarket CAN"]
[Date "2018.10.21"]
[Round "4.2"]
[White "Huang, Youhe"]
[Black "Ajith, Aayush"]
[Result "1/2-1/2"]
[WhiteElo "1691"]
[BlackElo "1734"]
[PlyCount "63"]
[EventDate "2018.10.20"]
[EventType "swiss"]
[EventRounds "5"]
[EventCountry "CAN"]

1. d4 Nf6 2. Bf4 g6 3. Nc3 d5 4. Qd2 Bg7 5. O-O-O b6 6. f3 Bb7 7. Nh3 O-O 8.
Bh6 c5 9. Bxg7 Kxg7 10. dxc5 bxc5 11. Nf4 d4 12. Na4 Nbd7 13. Nd3 Qc7 14. h4 h5
15. b3 e5 16. e4 Ba6 17. Nab2 Nb6 18. Qa5 Bxd3 19. cxd3 Nbd5 20. Qxc7 Nxc7 21.
Nc4 Nd7 22. g4 Kf6 23. gxh5 gxh5 24. Bh3 Ne6 25. Rhg1 Rg8 26. Bf5 Rxg1 27. Rxg1
Ndf8 28. Rg8 Rd8 29. Bxe6 Nxe6 30. Rxd8 Nxd8 31. Nd6 Ne6 32. Kd2 1/2-1/2

[Event "Aurora Fall op U2000"]
[Site "Newmarket CAN"]
[Date "2018.10.21"]
[Round "4.5"]
[White "Miaco, Trifelino"]
[Black "Jordan, John"]
[Result "1-0"]
[WhiteElo "1451"]
[BlackElo "1567"]
[PlyCount "35"]
[EventDate "2018.10.20"]
[EventType "swiss"]
[EventRounds "5"]
[EventCountry "CAN"]

1. b3 d5 2. Bb2 Bf5 3. e3 Nd7 4. f4 Ngf6 5. Nf3 h6 6. Be2 e6 7. O-O Bd6 8. Ne5
O-O 9. d3 c5 10. Nd2 Rc8 11. Rf3 Qc7 12. Nxd7 Nxd7 13. Rg3 f6 14. Bg4 Rce8 15.
Qf3 Re7 16. Bxf5 exf5 17. Qxd5+ Kh8 18. Qxf5 1-0

[Event "Aurora Fall op U2000"]
[Site "Newmarket CAN"]
[Date "2018.10.21"]
[Round "4.7"]
[White "Chakkoli, Shiva"]
[Black "Yang, Brett"]
[Result "1-0"]
[WhiteElo "1666"]
[BlackElo "1459"]
[PlyCount "81"]
[EventDate "2018.10.20"]
[EventType "swiss"]
[EventRounds "5"]
[EventCountry "CAN"]

1. c4 e5 2. Nc3 Nf6 3. g3 g6 4. Bg2 Bg7 5. e4 O-O 6. Nge2 d6 7. d3 Be6 8. f4
Nc6 9. h3 Qc8 10. Nd5 exf4 11. Nexf4 Bxd5 12. cxd5 Ne5 13. d4 Ned7 14. O-O Re8
15. Qd3 h6 16. Bd2 Re7 17. Ne2 g5 18. Nc3 a6 19. g4 Nf8 20. Ne2 Ng6 21. Ng3 Nh4
22. Bc3 Nd7 23. Rac1 Qe8 24. Ba5 Nb6 25. Be1 Qa4 26. b4 Qxa2 27. Rf2 Qa4 28.
Nh5 Rae8 29. Bd2 Nxg2 30. Kxg2 Qd7 31. Ng3 Qb5 32. Qf3 Bxd4 33. Rff1 Bg7 34.
Nf5 Rd7 35. Nxg7 Kxg7 36. Qf6+ Kh7 37. Bc3 Qe2+ 38. Kg3 Rg8 39. Rf3 Qb5 40. h4
Rg6 41. Qh8# 1-0

[Event "Aurora Fall op U2000"]
[Site "Newmarket CAN"]
[Date "2018.10.21"]
[Round "4.8"]
[White "Kuehl, Scott"]
[Black "Xiao, Edward"]
[Result "1-0"]
[WhiteElo "1588"]
[BlackElo "1428"]
[PlyCount "73"]
[EventDate "2018.10.20"]
[EventType "swiss"]
[EventRounds "5"]
[EventCountry "CAN"]

1. e4 c5 2. Nc3 Nc6 3. g3 g6 4. Bg2 Bg7 5. d3 d6 6. Nh3 Nf6 7. O-O O-O 8. f4
Bg4 9. Qd2 Qd7 10. Nf2 Nh5 11. Nxg4 Qxg4 12. Bf3 Bd4+ 13. Kg2 Qe6 14. Ne2 Bf6
15. c3 Ng7 16. g4 Ne8 17. Ng3 Qd7 18. Qe2 Nc7 19. g5 Bg7 20. Bg4 Qd8 21. Be3 b6
22. Rf2 d5 23. e5 e6 24. d4 c4 25. f5 exf5 26. Bxf5 gxf5 27. Nh5 Ne7 28. Nf6+
Bxf6 29. gxf6 Ng6 30. Rxf5 Ne6 31. Qg4 Kh8 32. Rh5 Qd7 33. Kh1 Rfd8 34. Rg1
Nef8 35. Qg5 Qe8 36. Qh6 Ne6 37. Qxh7# 1-0

[Event "Aurora Fall op U2000"]
[Site "Newmarket CAN"]
[Date "2018.10.21"]
[Round "4.9"]
[White "Moran-Venegas, Mario"]
[Black "Benggawan, Undriadi"]
[Result "1-0"]
[WhiteElo "1670"]
[BlackElo "1617"]
[PlyCount "45"]
[EventDate "2018.10.20"]
[EventType "swiss"]
[EventRounds "5"]
[EventCountry "CAN"]

1. e4 g6 2. d4 Bg7 3. Be3 d6 4. c4 Nf6 5. Nc3 O-O 6. f3 Nbd7 7. Qd2 c5 8. Nge2
Re8 9. g4 cxd4 10. Nxd4 Ne5 11. h4 h5 12. gxh5 Nxh5 13. Rg1 Kh7 14. Nd5 e6 15.
Nc3 Qxh4+ 16. Kd1 Qe7 17. f4 Nc6 18. Be2 Nxd4 19. Bxh5 e5 20. Qg2 Rg8 21. Bxg6+
fxg6 22. Qxg6+ Kh8 23. Rh1+ 1-0

[Event "Aurora Fall op U2000"]
[Site "Newmarket CAN"]
[Date "2018.10.21"]
[Round "4.10"]
[White "Corrie, Michael"]
[Black "Qiao, Joey"]
[Result "0-1"]
[WhiteElo "1450"]
[BlackElo "1486"]
[PlyCount "108"]
[EventDate "2018.10.20"]
[EventType "swiss"]
[EventRounds "5"]
[EventCountry "CAN"]

1. d4 d5 2. Bf4 Nf6 3. e3 e6 4. Nf3 Bd6 5. Bg3 Ne4 6. Nbd2 c6 7. Bd3 Nxd2 8.
Qxd2 Qc7 9. Ne5 Nd7 10. f4 b6 11. O-O-O c5 12. c3 a6 13. e4 cxd4 14. exd5 Nxe5
15. fxe5 dxc3 16. Qxc3 Qxc3+ 17. bxc3 Ba3+ 18. Kc2 exd5 19. Be2 Be6 20. Bf3 Rd8
21. Rd2 Bc5 22. Kb2 d4 23. Rhd1 dxc3+ 24. Kxc3 Rxd2 25. Rxd2 O-O 26. Bf2 Bxf2
27. Rxf2 Rc8+ 28. Kd3 Rc5 29. Rb2 b5 30. Bb7 a5 31. Ba6 Bc4+ 32. Kd4 Rd5+ 33.
Ke4 a4 34. Rc2 f6 35. exf6 gxf6 36. Rf2 Rd6 37. Bb7 Kg7 38. a3 Kf7 39. Rf3 Be6
40. h3 Ke7 41. g4 Kd7 42. Rd3 f5+ 43. Ke3 Rxd3+ 44. Kxd3 b4 45. Kc2 bxa3 46.
Kb1 f4 47. Bf3 Kd6 48. h4 Bd5 49. Be2 f3 50. Bf1 Ke5 51. g5 Kf4 52. Bd3 Be4 53.
Bxe4 Kxe4 54. h5 f2 0-1

[Event "Aurora Fall op U2000"]
[Site "Newmarket CAN"]
[Date "2018.10.21"]
[Round "4.11"]
[White "Locham, Divjot"]
[Black "Uthayakumar, Ronan"]
[Result "1/2-1/2"]
[WhiteElo "1337"]
[BlackElo "1507"]
[PlyCount "83"]
[EventDate "2018.10.20"]
[EventType "swiss"]
[EventRounds "5"]
[EventCountry "CAN"]

1. e4 c5 2. Nf3 Nc6 3. Bb5 g6 4. O-O Bg7 5. c3 e6 6. d4 cxd4 7. cxd4 Qb6 8.
Bxc6 bxc6 9. Nc3 d5 10. Re1 Ne7 11. exd5 cxd5 12. Ne5 O-O 13. b3 Nf5 14. Ba3
Rd8 15. Bc5 Qc7 16. Rc1 Ba6 17. Na4 Rdc8 18. Ba3 Qd8 19. Nc5 Bb5 20. Nb7 Rxc1
21. Qxc1 Qb6 22. Nc5 Nxd4 23. Qb2 Nc6 24. Ncd7 Qa5 25. b4 Qc7 26. f4 Qxd7 27.
Nxd7 Bxb2 28. Bxb2 Nxb4 29. Nf6+ Kf8 30. Ba3 a5 31. Rb1 Kg7 32. Bb2 Nxa2 33.
Nxd5+ Kg8 34. Nc7 Rb8 35. Ba3 Nc3 36. Rb3 Nd5 37. Rxb5 Rxb5 38. Nxb5 Nxf4 39.
Nc3 Nd3 40. Bd6 Nb2 41. Bc7 a4 42. Bd6 1/2-1/2

[Event "Aurora Fall op U2000"]
[Site "Newmarket CAN"]
[Date "2018.10.21"]
[Round "4.12"]
[White "Gao, William"]
[Black "Wang, Eric"]
[Result "1-0"]
[WhiteElo "1369"]
[BlackElo "1536"]
[PlyCount "37"]
[EventDate "2018.10.20"]
[EventType "swiss"]
[EventRounds "5"]
[EventCountry "CAN"]

1. e4 e5 2. Nf3 Nc6 3. Bc4 Bc5 4. O-O Nf6 5. d4 exd4 6. e5 d5 7. exf6 dxc4 8.
Re1+ Be6 9. Ng5 Qd5 10. Nc3 Qf5 11. g4 Qxf6 12. Nd5 Qd8 13. Rxe6+ fxe6 14. Nxe6
Qd6 15. Bf4 Qd7 16. Ndxc7+ Kf7 17. Nxc5 Qe7 18. Qf3 Qf6 19. Qd5+ 1-0

[Event "Aurora Fall op U2000"]
[Site "Newmarket CAN"]
[Date "2018.10.21"]
[Round "4.15"]
[White "Sharma, Vishruth"]
[Black "Hughes-Dupuy, Henry"]
[Result "1-0"]
[WhiteElo "1608"]
[BlackElo "1472"]
[PlyCount "71"]
[EventDate "2018.10.20"]
[EventType "swiss"]
[EventRounds "5"]
[EventCountry "CAN"]

1. e4 e5 2. Nf3 Nc6 3. d4 exd4 4. Nxd4 Bc5 5. Be3 Nxd4 6. Bxd4 Bxd4 7. Qxd4 Qf6
8. e5 Qg6 9. Qc3 Qe4+ 10. Kd1 Qd5+ 11. Nd2 c6 12. f3 b5 13. Bd3 Ne7 14. a4 Ba6
15. Re1 O-O 16. Qa5 Rfb8 17. Qxa6 Qd4 18. axb5 Nd5 19. Qa3 cxb5 20. Be4 b4 21.
Qb3 Nc3+ 22. bxc3 bxc3 23. Qd5 Qf2 24. Nb3 Rc8 25. Qd3 Rab8 26. Qe2 Qb6 27. Qd3
Qb4 28. Qd4 Rc4 29. Qxa7 Rbc8 30. Qe3 d5 31. exd6 Qxd6+ 32. Qd3 Qxh2 33. Qxc4
Rd8+ 34. Kc1 Qf4+ 35. Kb1 Qf6 36. Ra8 1-0

[Event "Aurora Fall op U2000"]
[Site "Newmarket CAN"]
[Date "2018.10.21"]
[Round "5"]
[White "Armstrong, Robert J"]
[Black "Hughes-Dupuy, Henry"]
[Result "0-1"]
[WhiteElo "1519"]
[BlackElo "1644"]
[PlyCount "106"]
[EventDate "2018.10.20"]
[EventType "swiss"]
[EventRounds "5"]
[EventCountry "CAN"]

1. d4 Nf6 2. c4 g6 3. Nc3 d5 4. e3 c6 5. Nf3 a6 6. a4 Bg7 7. Be2 O-O 8. O-O Bg4
9. c5 Nbd7 10. b4 Qc7 11. Bb2 Rfe8 12. h3 Bxf3 13. Bxf3 e5 14. Qd2 exd4 15.
exd4 Nf8 16. b5 Ne6 17. bxc6 bxc6 18. a5 h5 19. Na4 Kh7 20. Nb6 Ra7 21. Rae1
Bh6 22. Qc2 Ng5 23. Be2 Re4 24. Qd3 Ne6 25. Bf3 Nf4 26. Qc2 Rxe1 27. Rxe1 Kg7
28. Re5 Rb7 29. Bc1 Rb8 30. g3 Nxh3+ 31. Kg2 Bxc1 32. Qxc1 Ng4 33. Bxg4 hxg4
34. f3 f6 35. Re1 gxf3+ 36. Kxf3 Ng5+ 37. Kg2 Ne4 38. Qe3 Rh8 39. Rf1 Qe7 40.
Rh1 Rxh1 41. Kxh1 Qe6 42. Kg2 Ng5 43. Kf2 Qf5+ 44. Kg2 Qc2+ 45. Kf1 Ne4 46. g4
Qd1+ 47. Qe1 Qf3+ 48. Kg1 Qxg4+ 49. Kf1 Ng3+ 50. Kf2 Ne4+ 51. Kf1 Qf3+ 52. Kg1
g5 53. Nd7 Qg4+ 0-1

[Event "Aurora Fall op U2000"]
[Site "Newmarket CAN"]
[Date "2018.10.21"]
[Round "5.1"]
[White "Khachaturov, Vadim"]
[Black "Supsup, Ferdinand"]
[Result "0-1"]
[WhiteElo "1748"]
[BlackElo "1666"]
[PlyCount "124"]
[EventDate "2018.10.20"]
[EventType "swiss"]
[EventRounds "5"]
[EventCountry "CAN"]

1. e4 d6 2. d4 Nf6 3. Nc3 g6 4. f3 Bg7 5. Be3 O-O 6. Qd2 a6 7. O-O-O b5 8. Bd3
Nbd7 9. Bh6 c5 10. dxc5 Nxc5 11. Bxg7 Kxg7 12. g4 Be6 13. Kb1 Qa5 14. g5 Nfd7
15. Nd5 Qxd2 16. Rxd2 Bxd5 17. exd5 Ne5 18. Be2 Rfc8 19. Nh3 Na4 20. Nf2 Nc4
21. Bxc4 bxc4 22. c3 Rab8 23. Nd1 Rb5 24. Re1 Kf8 25. Kc1 Nc5 26. Nf2 a5 27.
Kc2 Rcb8 28. Rb1 a4 29. Rd4 a3 30. Nd1 Nd3 31. b4 Ne1+ 32. Kc1 Nxf3 33. Rxc4
Rxd5 34. Rf4 Nxg5 35. Rb3 Ne6 36. Rh4 Kg7 37. Rxa3 g5 38. Re4 Rb7 39. Ne3 Rdb5
40. Ra6 d5 41. Re5 d4 42. Nf5+ Kf6 43. Rxb5 Rxb5 44. Nxd4 Re5 45. b5 g4 46. Rc6
Rc5 47. b6 Rxc6 48. Nxc6 Nc5 49. Nd8 h5 50. Kd2 e5 51. b7 Nd7 52. Nc6 h4 53.
Ke1 e4 54. b8=Q Nxb8 55. Nxb8 h3 56. Kf1 g3 57. hxg3 e3 58. Nd7+ Kg7 59. Ne5
e2+ 60. Kxe2 h2 61. a4 h1=Q 62. Kd3 Qd5+ 0-1

[Event "Aurora Fall op U2000"]
[Site "Newmarket CAN"]
[Date "2018.10.21"]
[Round "5.4"]
[White "Ajith, Aayush"]
[Black "Moran-Venegas, Mario"]
[Result "1-0"]
[WhiteElo "1734"]
[BlackElo "1670"]
[PlyCount "123"]
[EventDate "2018.10.20"]
[EventType "swiss"]
[EventRounds "5"]
[EventCountry "CAN"]

1. d4 Nf6 2. c4 g6 3. Nc3 d5 4. cxd5 Nxd5 5. e4 Nxc3 6. bxc3 Bg7 7. Bc4 O-O 8.
Ne2 c5 9. Be3 Nc6 10. O-O cxd4 11. cxd4 Na5 12. Bd3 b6 13. Rc1 Bb7 14. f3 Qd7
15. Qd2 Rfc8 16. Rfd1 e6 17. e5 Rd8 18. Nc3 Rac8 19. Bb5 Bc6 20. Bxc6 Rxc6 21.
d5 exd5 22. Nxd5 Rxc1 23. Qxc1 Qe6 24. Qd2 Rc8 25. f4 Bf8 26. Nf6+ Kg7 27. Qd7
Qxd7 28. Rxd7 Nc6 29. Nd5 Rd8 30. e6 Rxd7 31. exd7 Bc5 32. Bxc5 bxc5 33. Kf2 f5
34. Ke3 Kf7 35. Kd3 Ke6 36. Kc4 Kxd7 37. Kxc5 h6 38. Nf6+ Kc7 39. Ng8 h5 40. a3
Kd7 41. Nf6+ Kc7 42. Nh7 Ne7 43. Nf8 h4 44. Ne6+ Kd7 45. Ng5 Nc8 46. Nf3 h3 47.
gxh3 Nd6 48. Ne5+ Ke6 49. Nxg6 Ne4+ 50. Kb5 Nf2 51. h4 Ng4 52. Ka6 Nxh2 53.
Kxa7 Kf6 54. h5 Ng4 55. a4 Kg7 56. a5 Nf6 57. Ne7 Nxh5 58. Nd5 Kf7 59. a6 Ke6
60. Ne3 Nxf4 61. Kb8 Kd7 62. a7 1-0